| 000 | 01396nab a22002417i 4500 | ||
|---|---|---|---|
| 001 | 768714001 | ||
| 003 | CO-MdFUSB | ||
| 005 | 20240628101049.0 | ||
| 008 | 240628t1983 sz ||||| |||| 00| 0 eng d | ||
| 040 |
_bspa _cCO-MdFUSB _dCO-MdFUSB |
||
| 041 | _aeng | ||
| 100 |
_aGuhrt, Joachim, _eautor |
||
| 245 | 1 |
_aStatus confessionis : _bthe witness of a confessing church _c/ Joachim Guhrt |
|
| 520 | _aEn la discusión teológica el término "status confesionis" (s. conf.) ha adquirido gran importancia. Tanto la Federación Luterana Mundial (FLM) como la Alianza Mundial de Iglesias Reformadas (ARRM) han empleado el término "status confessionis" con respecto al sistema de apartheid en el sur de África. En relación con las armas de destrucción masiva se produjo una polémica discusión en la Iglesia Evangélica de Alemania. Esto demuestra que hay diferentes maneras de entender st. conf., provocado por el hecho de que su significado ha cambiado con el paso del tiempo. | ||
| 546 | _aTexto en inglés. | ||
| 650 | 7 |
_aReforma _9221 |
|
| 650 | 0 |
_aIglesia y problemas mundiales _9912 |
|
| 650 | 7 |
_aDerechos humanos _9296 |
|
| 650 | 7 |
_aHermenéutica _9418 |
|
| 773 | 0 |
_049396 _959552 _dGinebra _oR1125 _tReformed World _w(CO-MdFUSB)38 _x0034-3056 _gVolumen 37, (número 8, 1983) páginas: 301 - 308 _qpágina: 301 |
|
| 942 | _cANA | ||
| 945 | _aCatherine Arias Álvarez - Practicante SENA | ||
| 999 |
_c70420 _d70420 |
||